[Event "Las Palmas Insular-chT Pref-B"]
[Site "Las Palmas"]
[Date "2015.11.14"]
[Round "3.2"]
[White "Aguilera Suarez, Antonio"]
[Black "De la Hoz Sanchez, Ruben"]
[Result "1-0"]
[WhiteElo "1825"]
[BlackElo "1942"]
[PlyCount "51"]
[EventDate "2015.10.17"]
[EventType "team-tourn"]
[EventRounds "14"]
[EventCountry "ESP"]
[SourceTitle "CBM 170 Extra"]
[Source "ChessBase"]
[SourceDate "2016.02.25"]
[SourceVersion "1"]
[SourceVersionDate "2016.02.25"]
[SourceQuality "1"]
[WhiteTeam "Telde Los Llanos"]
[BlackTeam "Hotel Avda de Canarias II"]
[WhiteTeamCountry "ESP"]
[BlackTeamCountry "ESP"]

1. e4 d5 2. exd5 Qxd5 3. d4 Nc6 4. Nf3 Bg4 5. Be2 e6 6. 0-0 0-0-0 7. Be3 Nh6 8. c4 Qf5 9. Nc3 Bd6 10. Qa4 Qh5 11. h3 Bxh3 12. gxh3 Qxh3 13. c5 Qg4+ 14. Kh1 Bf4 15. Rfd1 Qh3+ 16. Kg1 g5 17. d5 Ne5 18. c6 Bxe3 19. cxb7+ Kb8 20. Nxe5 Qg3+ 21. Kh1 Qh3+ 22. Kg1 Qg3+ 23. Kh1 Bxf2 24. Nc6+ Kxb7 25. Nxd8+ Kb8 26. Rd3 1-0

[Event "Las Palmas Insular-chT Pref"]
[Site "Las Palmas"]
[Date "2015.01.17"]
[Round "4.4"]
[White "Manchon Santana, Alberto"]
[Black "De la Hoz Sanchez, Ruben"]
[Result "1-0"]
[WhiteElo "1841"]
[BlackElo "1957"]
[PlyCount "49"]
[EventDate "2014.11.22"]
[EventType "team-tourn"]
[EventRounds "14"]
[EventCountry "ESP"]
[SourceTitle "EXT 2016"]
[Source "ChessBase"]
[SourceDate "2015.10.08"]
[SourceVersion "1"]
[SourceVersionDate "2015.10.08"]
[SourceQuality "1"]
[WhiteTeam "La Caja de Canarias"]
[BlackTeam "La Caja de Vecindario"]
[WhiteTeamCountry "ESP"]
[BlackTeamCountry "ESP"]

1. d4 d5 2. c4 c6 3. Nf3 Nf6 4. Nc3 dxc4 5. a4 Nd5 6. a5 Bf5 7. Ne5 e6 8. Nxc4 Bb4 9. Qb3 Na6 10. Bd2 c5 11. Qa4+ Kf8 12. e3 cxd4 13. exd4 Nf6 14. Rd1 Rc8 15. Nb5 Bxd2+ 16. Rxd2 Ne4 17. Rd1 Rg8 18. Be2 Qd7 19. 0-0 Nf6 20. Bf3 Be4 21. Ne5 Qe7 22. Bxe4 Nxe4 23. Rfe1 Nd6 24. d5 Nxb5 25. Qxb5 1-0

[Event "Las Palmas Insular-chT Primera-B"]
[Site "Las Palmas"]
[Date "2014.02.08"]
[Round "9.1"]
[White "Garcia Padron, Juan"]
[Black "De la Hoz Sanchez, Ruben"]
[Result "1-0"]
[WhiteElo "2215"]
[BlackElo "1949"]
[PlyCount "59"]
[EventDate "2013.11.09"]
[EventType "team-tourn"]
[EventRounds "14"]
[EventCountry "ESP"]
[SourceTitle "EXT 2015"]
[Source "ChessBase"]
[SourceDate "2014.11.20"]
[SourceVersion "1"]
[SourceVersionDate "2014.11.20"]
[SourceQuality "1"]
[WhiteTeam "Estudio Juridicio Hernandez"]
[BlackTeam "La Caja de Vecindario"]
[WhiteTeamCountry "ESP"]
[BlackTeamCountry "ESP"]

1. d4 d5 2. Bg5 Nf6 3. Bxf6 exf6 4. e3 Bd6 5. c4 dxc4 6. Bxc4 0-0 7. Ne2 c6 8. Nbc3 Nd7 9. Qc2 Qa5 10. Bd3 g6 11. g4 Nb6 12. h3 Nd5 13. Qd2 Nxc3 14. Nxc3 Re8 15. a3 Bb4 16. 0-0-0 Bxc3 17. Qxc3 Qxc3+ 18. bxc3 Be6 19. Rhe1 Kg7 20. Kd2 Rad8 21. Rb1 b6 22. a4 c5 23. Rb2 cxd4 24. cxd4 Rd5 25. Rb5 Red8 26. Rc1 h5 27. gxh5 Bxh3 28. hxg6 fxg6 29. Rg1 g5 30. Rh1 1-0

[Event "Maspalomas IRT-A 6th"]
[Site "San Bartolome de Tirajana"]
[Date "2013.07.30"]
[Round "7"]
[White "De la Hoz Sanchez, Ruben"]
[Black "Natalicchio Escalante, Ricardo Nicolas"]
[Result "0-1"]
[WhiteElo "1939"]
[BlackElo "2229"]
[PlyCount "82"]
[EventDate "2013.07.16"]
[EventType "tourn"]
[EventRounds "7"]
[EventCountry "ESP"]
[SourceTitle "EXT 2015"]
[Source "ChessBase"]
[SourceDate "2014.11.20"]
[SourceVersion "1"]
[SourceVersionDate "2014.11.20"]
[SourceQuality "1"]

1. d4 Nf6 2. Nf3 e6 3. Bg5 c5 4. e3 b6 5. Bd3 Bb7 6. Nbd2 cxd4 7. exd4 Be7 8. c3 Nc6 9. Qe2 0-0 10. 0-0 Nd5 11. Qe4 f5 12. Qh4 Bxg5 13. Qxg5 Qxg5 14. Nxg5 Nf4 15. Bc2 Rf6 16. Ngf3 Rd8 17. Bd1 Ba6 18. c4 g5 19. b3 d6 20. Nxg5 Nxd4 21. g3 Nfe2+ 22. Bxe2 Nxe2+ 23. Kg2 Bb7+ 24. f3 e5 25. Rad1 h6 26. Nh3 Nd4 27. Ng1 f4 28. Ne4 Bxe4 29. fxe4 Nc2 30. Rd3 Rdf8 31. Rc1 Nd4 32. Rf1 fxg3 33. Rxg3+ Kf7 34. Rxf6+ Kxf6 35. Kf2 a6 36. Ke3 b5 37. Nf3 Ne6 38. Nh4 Nf4 39. Nf5 bxc4 40. Nxd6 c3 41. Rg1 Rd8 0-1

[Event "Maspalomas IRT-A 6th"]
[Site "San Bartolome de Tirajana"]
[Date "2013.07.25"]
[Round "5"]
[White "Marrero Cardenes, Agustin"]
[Black "De la Hoz Sanchez, Ruben"]
[Result "1/2-1/2"]
[WhiteElo "1998"]
[BlackElo "1939"]
[PlyCount "66"]
[EventDate "2013.07.16"]
[EventType "tourn"]
[EventRounds "7"]
[EventCountry "ESP"]
[SourceTitle "EXT 2015"]
[Source "ChessBase"]
[SourceDate "2014.11.20"]
[SourceVersion "1"]
[SourceVersionDate "2014.11.20"]
[SourceQuality "1"]

1. c4 f5 2. Nc3 Nf6 3. g3 e5 4. Bg2 Nc6 5. d3 d6 6. e4 fxe4 7. dxe4 Nd4 8. Nge2 c5 9. Bg5 Be7 10. Bxf6 Bxf6 11. 0-0 0-0 12. Nxd4 cxd4 13. Nd5 Be6 14. f4 Bxd5 15. cxd5 Qb6 16. fxe5 dxe5 17. Qd2 h6 18. h4 Rac8 19. Rac1 Be7 20. Rxf8+ Rxf8 21. Bh3 d3+ 22. Kg2 Bb4 23. Qxd3 Qf2+ 24. Kh1 Qxb2 25. Rc2 Qb1+ 26. Kh2 Bc5 27. Be6+ Kh8 28. Rd2 Rf2+ 29. Kh3 Qh1+ 30. Kg4 Rxd2 31. Qxd2 Qxe4+ 32. Kh3 Qh1+ 33. Kg4 Qe4+ 1/2-1/2

[Event "Maspalomas IRT-A 6th"]
[Site "San Bartolome de Tirajana"]
[Date "2013.07.18"]
[Round "2"]
[White "De la Hoz Sanchez, Ruben"]
[Black "Sanchez Quintero, Raul"]
[Result "1-0"]
[WhiteElo "1939"]
[BlackElo "2135"]
[PlyCount "41"]
[EventDate "2013.07.16"]
[EventType "tourn"]
[EventRounds "7"]
[EventCountry "ESP"]
[SourceTitle "EXT 2015"]
[Source "ChessBase"]
[SourceDate "2014.11.20"]
[SourceVersion "1"]
[SourceVersionDate "2014.11.20"]
[SourceQuality "1"]

1. Nf3 Nf6 2. d4 e6 3. c4 c5 4. g3 cxd4 5. Nxd4 Nc6 6. Bg2 Bb4+ 7. Bd2 0-0 8. Bxb4 Nxb4 9. Nc3 a6 10. 0-0 Qc7 11. b3 Rb8 12. Qd2 Rd8 13. a3 Nc6 14. Rfd1 Na5 15. Rab1 e5 16. Nc2 b5 17. Ne3 bxc4 18. Ncd5 Nxd5 19. Nxd5 c3 20. Qg5 h6 21. Qh4 1-0

[Event "Las Palmas Montalvo Memorial 6th"]
[Site "Las Palmas"]
[Date "2013.03.29"]
[Round "6"]
[White "De la Hoz Sanchez, Ruben"]
[Black "Gonzalez Ortega, Pino"]
[Result "1-0"]
[WhiteElo "1969"]
[BlackElo "1344"]
[PlyCount "89"]
[EventDate "2013.03.25"]
[EventType "swiss"]
[EventRounds "9"]
[EventCountry "ESP"]
[SourceTitle "CBM 153 Extra"]
[Source "ChessBase"]
[SourceDate "2013.04.22"]
[SourceVersion "1"]
[SourceVersionDate "2013.04.22"]
[SourceQuality "1"]

1. d4 e6 2. c4 c5 3. d5 d6 4. e4 Nf6 5. Nc3 a6 6. Bd3 Be7 7. Nf3 Nbd7 8. 0-0 Ng4 9. Bf4 Nde5 10. Be2 Nxf3+ 11. Bxf3 Ne5 12. Be2 Ng6 13. Bg3 e5 14. Rb1 Bh4 15. Bh5 Bxg3 16. hxg3 Rb8 17. b4 Bd7 18. bxc5 dxc5 19. Qe2 Qf6 20. Qe3 Qd6 21. f4 0-0 22. f5 Ne7 23. Be2 b6 24. g4 f6 25. g5 fxg5 26. Qxg5 Rf6 27. Rf3 Rbf8 28. Rg3 R6f7 29. Bh5 Qf6 30. Bxf7+ Rxf7 31. Qxf6 Rxf6 32. a4 a5 33. Rf3 Nc8 34. g4 g6 35. g5 Rf8 36. f6 Kf7 37. Kf2 Bg4 38. Rg3 Bh5 39. Ke3 Rd8 40. Rh1 Rd7 41. Ne2 Nd6 42. Kd3 Rd8 43. Rhh3 Nxc4 44. Rxh5 Nb2+ 45. Kc2 1-0

[Event "Las Palmas Montalvo Memorial 6th"]
[Site "Las Palmas"]
[Date "2013.03.27"]
[Round "3"]
[White "Suarez Ramirez, Jonay"]
[Black "De la Hoz Sanchez, Ruben"]
[Result "1-0"]
[WhiteElo "1600"]
[BlackElo "1969"]
[PlyCount "93"]
[EventDate "2013.03.25"]
[EventType "swiss"]
[EventRounds "9"]
[EventCountry "ESP"]
[SourceTitle "CBM 153 Extra"]
[Source "ChessBase"]
[SourceDate "2013.04.22"]
[SourceVersion "1"]
[SourceVersionDate "2013.04.22"]
[SourceQuality "1"]

1. d4 g6 2. c4 Bg7 3. Nc3 c5 4. d5 d6 5. e4 Nf6 6. Nf3 Na6 7. Bd3 Rb8 8. Bf4 Bd7 9. 0-0 0-0 10. Re1 Nh5 11. Bg5 Nc7 12. Qd2 a6 13. e5 dxe5 14. d6 f6 15. dxc7 Qxc7 16. Nd5 Qd6 17. Bh6 Bc6 18. Bxg7 Kxg7 19. Be4 f5 20. Bc2 e4 21. Qc3+ Nf6 22. Nxf6 exf6 23. Ng5 Rfe8 24. Nh3 Qd4 25. Rad1 Qxc3 26. bxc3 Rbd8 27. Nf4 Kf7 28. Nd5 Rd6 29. Nc7 Red8 30. Rxd6 Rxd6 31. Rd1 Ke7 32. Nd5+ Bxd5 33. Rxd5 Rxd5 34. cxd5 c4 35. Kf1 Kd6 36. Ke2 Kxd5 37. Ke3 Ke5 38. f4+ exf3 39. Kxf3 b5 40. a3 h5 41. h4 g5 42. g3 a5 43. Ke3 a4 44. Kf3 Ke6 45. Ke3 Ke5 46. Bd1 g4 47. Bc2 1-0

[Event "Las Palmas Insular-chT Primera-B"]
[Site "Las Palmas"]
[Date "2013.02.16"]
[Round "9.1"]
[White "De la Hoz Sanchez, Ruben"]
[Black "Sanchez Montesdeoca, Isaac"]
[Result "0-1"]
[WhiteElo "1975"]
[BlackElo "1802"]
[PlyCount "66"]
[EventDate "2012.11.10"]
[EventType "team-tourn"]
[EventRounds "14"]
[EventCountry "ESP"]
[SourceTitle "EXT 2014"]
[Source "ChessBase"]
[SourceDate "2013.11.20"]
[SourceVersion "1"]
[SourceVersionDate "2013.11.20"]
[SourceQuality "1"]
[WhiteTeam "Canarias de Vecindario "]
[BlackTeam "Piscolabis Oleaje San Andres "]
[WhiteTeamCountry "ESP"]
[BlackTeamCountry "ESP"]

1. e4 b6 2. Nc3 e6 3. d3 Bb7 4. Nf3 c5 5. g3 Nc6 6. Bg2 d6 7. 0-0 Be7 8. Re1 a6 9. a4 Qc7 10. Be3 Bf6 11. d4 cxd4 12. Nxd4 Nge7 13. f4 Rd8 14. Nce2 0-0 15. c3 Rd7 16. Qb3 Na5 17. Qb4 Nc4 18. Bf2 Nd2 19. Nc2 Nc8 20. Ned4 d5 21. exd5 Bxd5 22. a5 b5 23. Qa3 Bxg2 24. Kxg2 Qb7+ 25. Kg1 Nd6 26. Rad1 N6e4 27. Be3 Nc4 28. Qa2 Rd5 29. Nb3 Rfd8 30. Qb1 Ned2 31. Nxd2 Nxd2 32. Bxd2 Rxd2 33. Ne3 Qf3 0-1

[Event "Gran Canaria Cabildo op"]
[Site "Gran Canaria"]
[Date "2013.01.31"]
[Round "7"]
[White "Lopez Colon, Francisco"]
[Black "De la Hoz Sanchez, Ruben"]
[Result "1-0"]
[WhiteElo "2046"]
[BlackElo "1975"]
[PlyCount "57"]
[EventDate "2013.01.10"]
[EventType "swiss"]
[EventRounds "7"]
[EventCountry "ESP"]
[SourceTitle "CBM 152 Extra"]
[Source "ChessBase"]
[SourceDate "2013.02.25"]
[SourceVersion "1"]
[SourceVersionDate "2013.02.25"]
[SourceQuality "1"]

1. d4 f5 2. g3 e6 3. Bg2 Nf6 4. Nf3 Be7 5. 0-0 0-0 6. c4 d6 7. Nc3 Nc6 8. d5 Ne5 9. Nd2 c6 10. b4 Qc7 11. Qb3 Bd7 12. Bb2 Rac8 13. Rac1 cxd5 14. cxd5 Nc4 15. Ncb1 b5 16. dxe6 Bxe6 17. Nf3 Kh8 18. Nd4 Qd7 19. Nxe6 Qxe6 20. Bd4 Qd7 21. Rfd1 Ne4 22. f3 Ng5 23. Nc3 Ne6 24. Bf2 a6 25. Nd5 Bd8 26. Bh3 Nc7 27. Ne3 Nxe3 28. Qxe3 Qe7 29. Qd3 1-0

[Event "Gran Canaria Cabildo op"]
[Site "Gran Canaria"]
[Date "2013.01.10"]
[Round "1"]
[White "Suarez Buceta, Melquiades"]
[Black "De la Hoz Sanchez, Ruben"]
[Result "0-1"]
[WhiteElo "1459"]
[BlackElo "1975"]
[PlyCount "52"]
[EventDate "2013.01.10"]
[EventType "swiss"]
[EventRounds "7"]
[EventCountry "ESP"]
[SourceTitle "CBM 152 Extra"]
[Source "ChessBase"]
[SourceDate "2013.02.25"]
[SourceVersion "1"]
[SourceVersionDate "2013.02.25"]
[SourceQuality "1"]

1. c4 g6 2. Nc3 Bg7 3. Nf3 c5 4. g3 Nc6 5. Bg2 Nf6 6. 0-0 0-0 7. e3 d5 8. cxd5 Nxd5 9. Nxd5 Qxd5 10. Nd4 Qd6 11. Nxc6 bxc6 12. Qe2 a5 13. Rd1 Ba6 14. Qf3 Rfc8 15. d4 cxd4 16. exd4 Bxd4 17. Be3 e5 18. Qe4 f5 19. Qh4 Rd8 20. Rac1 Rac8 21. Bg5 Re8 22. Be3 c5 23. b3 Bb5 24. Qg5 Bc6 25. Rc4 Bxg2 26. Kxg2 Bxe3 0-1

[Event "ESP-ch 77th"]
[Site "San Agustin"]
[Date "2012.10.07"]
[Round "9"]
[White "De la Hoz Sanchez, Ruben"]
[Black "Sanchez Ramirez, Gustavo"]
[Result "0-1"]
[WhiteElo "1973"]
[BlackElo "1591"]
[PlyCount "74"]
[EventDate "2012.09.29"]
[EventType "swiss"]
[EventRounds "9"]
[EventCountry "ESP"]
[SourceTitle "EXT 2014"]
[Source "ChessBase"]
[SourceDate "2013.11.20"]
[SourceVersion "1"]
[SourceVersionDate "2013.11.20"]
[SourceQuality "1"]

1. d4 Nf6 2. c4 c6 3. Nc3 d5 4. cxd5 cxd5 5. Bf4 Nc6 6. e3 e6 7. Nf3 Bd6 8. Bxd6 Qxd6 9. Bb5 0-0 10. 0-0 a6 11. Bxc6 bxc6 12. Rc1 Rb8 13. Na4 Nd7 14. Qc2 Bb7 15. Nc5 Nxc5 16. Qxc5 Qxc5 17. Rxc5 Ba8 18. b3 f6 19. Rfc1 Rb6 20. Ne1 Rfb8 21. Nd3 Rb5 22. Kf1 Kf7 23. Rxb5 axb5 24. Nc5 Ke7 25. b4 Kd6 26. Ra1 Bb7 27. a4 bxa4 28. Rxa4 Bc8 29. Ke2 e5 30. Ra7 Rxb4 31. Rxg7 exd4 32. exd4 Rxd4 33. Nb3 Ba6+ 34. Ke3 Re4+ 35. Kd2 Re2+ 36. Kc3 Rxf2 37. g3 Rxh2 0-1

[Event "ESP-ch 77th"]
[Site "San Agustin"]
[Date "2012.10.03"]
[Round "5"]
[White "Ramirez Maillo, Juan Adonay"]
[Black "De la Hoz Sanchez, Ruben"]
[Result "0-1"]
[WhiteElo "1645"]
[BlackElo "1973"]
[PlyCount "32"]
[EventDate "2012.09.29"]
[EventType "swiss"]
[EventRounds "9"]
[EventCountry "ESP"]
[SourceTitle "EXT 2014"]
[Source "ChessBase"]
[SourceDate "2013.11.20"]
[SourceVersion "1"]
[SourceVersionDate "2013.11.20"]
[SourceQuality "1"]

1. e4 Nf6 2. e5 Nd5 3. d4 d6 4. Nf3 Bg4 5. Be2 dxe5 6. Nxe5 Bxe2 7. Qxe2 c6 8. 0-0 e6 9. Re1 Be7 10. c3 0-0 11. b3 Nd7 12. c4 N5f6 13. Nd2 c5 14. Nxd7 Qxd7 15. d5 exd5 16. Qxe7 Rfe8 0-1